Les maths en pratique: terminales C-D-E

Furkejuvvon:
Bibliográfalaš dieđut
Searvvušdahkkit: Institut de Recherche sur l'enseignement des Mathématiques (Dahkki), IREM (Dahkki)
Materiálatiipa: Girji
Giella:fránskkagiella
Almmustuhtton: París Bordas 1990
Fáttát:
Fáddágilkorat: Lasit fáddágilkoriid
Eai fáddágilkorat, Lasit vuosttaš fáddágilkora!

MARC

LEADER 00000nam a2200000 a 4500
001 UCW1692
003 CL-VaPUC
008 921217e19900000FR |||||||||||||||||fre|d
082 0 4 |a 510.76  |b INS  |2 21 
110 2 |a Institut de Recherche sur l'enseignement des Mathématiques  |e author  |9 305736 
710 2 |a IREM  |e author  |9 305737 
245 1 4 |a Les maths en pratique: terminales C-D-E 
300 |a 189 p 
942 |c BK 
945 |d 19921217 00:00:00  |a mfernand 
260 |a París  |b Bordas  |c 1990 
650 0 |a Matemáticas   |v Problemas, ejercicios, etc  |9 883048 
583 |a last modification  |c 19921217 00:00:00  |k Rodrigo Vera 
999 |c 216537  |d 216535 
952 |0 0  |1 0  |4 0  |6 510_760000000000000_INS_1990  |7 0  |8 A  |9 202331  |a BIBMAT  |b BIBMAT  |c E_DIDACT  |d 2019-11-14  |i 269445K  |o 510.76 INS 1990  |p 269445K  |r 2025-01-07  |w 2019-11-14  |y BK  |k MAT 
952 |0 0  |1 0  |4 0  |6 510_760000000000000_INS_1990  |7 0  |8 A  |9 202332  |a BIBMAT  |b BIBMAT  |c E_DIDACT  |d 2019-11-14  |i 2694468  |o 510.76 INS 1990  |p 2694468  |r 2025-01-07  |w 2019-11-14  |y BK  |k MAT 
952 |0 0  |1 0  |4 0  |6 510_760000000000000_INS_1990  |7 0  |8 A  |9 202333  |a BIBMAT  |b BIBMAT  |c E_DIDACT  |d 2019-11-14  |i 2956381  |o 510.76 INS 1990  |p 2956381  |r 2025-01-07  |w 2019-11-14  |y BK  |k MAT 
952 |0 0  |1 0  |4 0  |6 510_760000000000000_INS_1990  |7 0  |8 A  |9 202334  |a BIBMAT  |b BIBMAT  |c E_DIDACT  |d 2019-11-14  |i 295639K  |o 510.76 INS 1990  |p 295639K  |r 2025-01-07  |w 2019-11-14  |y BK  |k MAT